De la medicación diurética (Record no. 181832)

MARC details
000 -LEADER
campo de control de longitud fija 00785nam a2200193 i 4500
001 - NÚMERO DE CONTROL
campo de control 181832
003 - IDENTIFICADOR DE NÚMERO DE CONTROL
campo de control ES-MaACL
005 - FECHA Y HORA DE LA ÚLTIMA TRANSACCIÓN
campo de control 20250806070431.0
008 - DATOS DE LONGITUD FIJA--INFORMACIÓN GENERAL
campo de control de longitud fija 130405s1878 sp |||| | spa d
100 1# - ENTRADA PRINCIPAL--NOMBRE DE PERSONA
Nombre de persona Laure, Paul.
9 (RLIN) 152570
245 10 - MENCIÓN DEL TÍTULO
Título De la medicación diurética
Resto del título : Tesis presentada en el concurso para la agregación y sostenida en la facultad de Medicina de Paris el 3 de mayo de 1878 /
Mención de responsabilidad, etc. por el Dr. Paul Laure.
260 ## - PUBLICACIÓN, DISTRIBUCIÓN, ETC.
Lugar de publicación, distribución, etc. Madrid :
Nombre del editor, distribuidor, etc. [s.n.],
Fecha de publicación, distribución, etc. 1878 (
Fabricante Imp. Enrique Teodoro)
300 ## - DESCRIPCIÓN FÍSICA
Extensión 73 p. ;
Dimensiones 23 cm.
490 1# - MENCIÓN DE SERIE
Mención de serie Biblioteca Económica de Medicina y Cirujía
650 #4 - PUNTO DE ACCESO ADICIONAL DE MATERIA--TÉRMINO DE MATERIA
Término de materia o nombre geográfico como elemento de entrada Diuréticos.
9 (RLIN) 152569
830 0# - PUNTO DE ACCESO ADICIONAL DE SERIE-TÍTULO UNIFORME
Título uniforme Biblioteca económica de medicina y cirujía
9 (RLIN) 186248
852 ## - LOCALIZACIÓN
Ubicación ES-MaACL
Número de control de estantería B-12698(4)
Nota libre .- Enc. en vol. facticio
Holdings
Estatus retirado Estado de pérdida Estado de daño No para préstamo Colección Biblioteca de origen Biblioteca actual Ubicación en estantería Fecha de adquisición Fuente de adquisición Total de préstamos Signatura topográfica completa Código de barras Visto por última vez Precio de reemplazo Tipo de ítem Koha
        Libros del s. XIX Biblioteca del Ateneo de Madrid Biblioteca del Ateneo de Madrid Sala Pardo Bazán 05/04/2013     B-12698(4) 1191083 23/02/2023 23/02/2023 Libro impreso antiguo